Plus petit pays commençant par chaque lettre de l'alphabet - Statistiques

Statistiques générales
  • Ce quiz a été pris 250 fois
  • Le résultat moyen est 18 sur 26
Statistiques - réponses
Lettre Pays % Correct
V Vatican
91%
Z Zimbabwe
84%
Y Yémen
83%
Q Qatar
82%
M Monaco
81%
S Saint-Marin
80%
F Fidji
79%
L Liechtenstein
78%
U Uruguay
75%
A Antigua-et-Barbuda
74%
K Kiribati
73%
T Tuvalu
71%
N Nauru
70%
H Haïti
68%
J Jordanie
68%
O Ouganda
65%
P Palaos
64%
R Rwanda
64%
D Dominique
63%
E Eswatini
63%
W Wa existe pas !
61%
B Bahreïn
60%
X Xa existe pas !
60%
C Comores
58%
G Grenade
57%
I Israël
54%
Aucun quiz correspondant
Distribution des résultats
% des personnes avec chaque résultat
Percentile par nombre de réponses
Votre historique - résultats
Vous n’avez pas pris ce quiz